00735nam a2200241 a 4500001001300000003000900013005001700022008004100039020002300080082002000103100001900123245003500142260003700177300000900214500003500223505002600258650002200284700001900306902000800325942000700333952013600340999001700476nice12345678IN_TiNIC20260116014219.0050524s2002 boma grp 000 0 eng  a8179919 c35000a324.245408bZAK aZakaria, Rafiq aCommunal Rage in Secular India aBombaybPopular Prakashan c2002 a248p aincludes index and biblioraphy2 aIndex, Quranic Verses aCommunalism-India1 aZakaria, Rafiq bSRS cBK 001040708StackRoom-aHMIbHMId2009-10-09g350.00l2m1o324.245408 ZAKp020629r2022-04-18s2022-02-11v350.00w2005-05-24yBK c14353d14353